000 00472nam a22001697a 4500
005 20251108164103.0
008 250721s1994 xx 000 0 ara d
082 1 4 _a956.441/حسن
100 1 _aالحسن، بلال
245 1 0 _aمجزرة الخليل /
264 1 _aدمشق :
_bدار كنعان للدراسات،
_c1994.
300 _a195ص
650 1 7 _aتاريخ فلسطين
650 1 7 _aالمجازر البشرية
942 _2ddc
_cBK
999 _c3259
_d3259